000 01623nam a22004217a 4500
003 DO-SdBNP
005 20250520140417.0
007 ta
008 220208b19681970ag ||| e |||| 001 0 spa d
040 _aDO-SdBNP
_bspa
_cBNPHU
082 4 _a155.7
_bM612p, 1970
_222
100 1 0 _aMeyer, William J.
_981172
240 1 _aDevelopmental psychology
_lEspañol
245 1 _aLa psicología evolutiva y el proceso de la educación /
_cWilliam J Meyer ; trad. Andrés Pirk
250 _a2a. ed.
260 _aBuenos Aires, Argentina :
_bTroquel,
_c1970.
300 _a142 p. :
_c22 cm
490 _aBiblioteca de la nueva educación
504 _aBibliografía : p. 133-140.
505 _aPrólogo.
505 _aCapitulos I. Métodos y principios de la psicología evolutiva.
505 _aCapítulo II. Crecimiento físico y desarrollo motor.
505 _aCapítulo lll. Desarrollo intelectual.
505 _aCapítulo lV. Desarrollo cognoscitivo : adquisición de conceptos simples.
505 _aCapítulo V. Desarrollo cognoscitivo : adquisición de conceptos de orden superior.
505 _aCapítulo VI. Desarrollo emocional.
505 _aCapítulo VII. Desarrollo social.
505 _aBibliográfía.
590 _aInventariado, 2022 / SA
650 4 0 _aPsicología evolutiva
_946740
650 0 _aPsicología infantil
_92718
650 4 _aPsicología genética
_912730
650 4 0 _aPsicología genética
_912730
700 1 _aPirk, Andrés
_etr.
_952676
830 0 _aBiblioteca de la nueva educación
_948866
910 _aSaquino/Validado. Control de calidad MFF
942 _2ddc
_cLBS1
999 _c51372
_d51372